000 00927nam a2200205Ia 4500
999 _c39870
_d39870
001 6475
003 GE_BSU
005 20190702161130.0
008 181216s1986||||ge |||||||||||||| ||geo||
041 _ageo
080 _a624.04(075.8) ლ-28
100 _aლორთქიფანიძე, რევაზ.
_93150
245 _aნაგებობათა დინამიკა : [სახელმძღვ. უმაღლ. ტექნ. სასწ.] /
_cრევაზ ლორთქიფანიძე ; რედ : ი.გოგუაძე .
264 _aთბილისი :
_bგანათლება,
_c1986.
300 _a241 გვ .:
_bნახ.
_c21 სმ.
504 _aბიბლიოგრ.: გვ. 240.
653 _aნაგებობათა დინამიკა
700 _aგოგუაძე, ი
_eრედაქტორი
_93151
942 _cBK
_2udc